Smallest North American Cities with a Major League Sports Team - Statistics

General Stats
  • This quiz has been taken 2,980 times
    2,264 since last reset
  • The average score is 9 of 13
Answer Stats
League(s) Population City % Correct
NFL 334,697 Green Bay
89%
NFL, NHL 1,160,172 Buffalo
76%
NHL 1,481,806 Calgary
75%
NHL 1,418,118 Edmonton
75%
NBA, NHL 1,300,762 Salt Lake City
71%
NHL 1,488,307 Ottawa
68%
NHL 834,678 Winnipeg
68%
NBA 1,497,821 Oklahoma City
67%
NBA 1,339,345 Memphis
64%
NBA, NFL 966,230 New Orleans
63%
MLB, NBA 1,574,452 Milwaukee
62%
NFL 1,760,548 Jacksonville
60%
NHL 1,562,009 Raleigh
53%
No matching quizzes found
Score Distribution
Percent of People with Each Score
Percentile by Number Answered
Your Score History
You have not taken this quiz since the last reset